| 000 | 00419cam a22001691 4500 | ||
|---|---|---|---|
| 082 | _a185L | ||
| 110 | 2 |
_aTrane Company. _941868 |
|
| 245 | 1 | 0 | _aTrane air conditioning manual. |
| 250 | _a[Rev.] | ||
| 260 |
_aLa Crosse, Wis. _c[1955] |
||
| 300 |
_a380 p. _billus. _c29 cm. |
||
| 526 |
_a0 _b0 _c0 _d185L |
||
| 650 | 0 |
_aAir conditioning _919032 |
|
| 650 | 0 |
_aHygrometry. _945735 |
|
| 650 | 0 |
_aMCE _9379 |
|
| 942 |
_2ddc _cBK |
||
| 999 |
_c551032 _d551032 |
||